[Event "Benidorm 2011 - 10. Torneo sub-2000"]
[Site "Benidorm ESP"]
[Date "2011.12.03"]
[Round "2.5"]
[White "Navarro Molina, Carmelo Jose"]
[Black "Esteban Amo, Jose M"]
[Result "1-0"]
[WhiteElo "1870"]
[BlackElo "1991"]
[PlyCount "99"]
[EventDate "2011.12.02"]
[EventType "swiss"]
[EventRounds "10"]
[EventCountry "ESP"]
[Source "lmi"]
[SourceDate "2011.12.02"]

1. e4 c5 2. b3 Nc6 3. Bb2 d6 4. f4 Nf6 5. Nc3 g6 6. Bb5 Bd7 7. Nd5 Bg7 8. Nxf6+
Bxf6 9. Bxf6 exf6 10. Nf3 a6 11. Bc4 Be6 12. O-O O-O 13. Bd5 Bg4 14. Bxc6 bxc6
15. h3 Bxf3 16. Qxf3 d5 17. exd5 Qxd5 18. Qxd5 cxd5 19. Rfe1 Rfe8 20. Kf2 Re6
21. Re3 Rae8 22. c3 Kf8 23. Rae1 Re4 24. g3 f5 25. d3 R4e6 26. b4 cxb4 27. Rxe6
fxe6 28. cxb4 Ke7 29. Rc1 Kd6 30. d4 h6 31. Rc5 Rb8 32. a3 Rb5 33. h4 Kd7 34.
Ke3 h5 35. Kd3 Rb6 36. Kc3 Rc6 37. Kb3 Rxc5 38. bxc5 Kc6 39. Kb4 Kb7 40. Ka5
Kc7 41. Kxa6 e5 42. fxe5 g5 43. hxg5 h4 44. g6 h3 45. g7 h2 46. g8=Q h1=Q 47.
Qf7+ Kd8 48. e6 Qf1+ 49. Kb6 Qb1+ 50. Kc6 1-0

[Event "Benidorm 2011 - 10. Torneo sub-2000"]
[Site "Benidorm ESP"]
[Date "2011.12.03"]
[Round "2.6"]
[White "Sacristan Latorre, Alberto"]
[Black "Diez Jover, Alberto"]
[Result "0-1"]
[WhiteElo "1990"]
[BlackElo "1866"]
[PlyCount "72"]
[EventDate "2011.12.02"]
[EventType "swiss"]
[EventRounds "10"]
[EventCountry "ESP"]
[Source "lmi"]
[SourceDate "2011.12.02"]

1. e4 c5 2. Ne2 Nc6 3. d4 cxd4 4. Nxd4 Nf6 5. Nc3 e5 6. Ndb5 d6 7. Bg5 a6 8.
Na3 b5 9. Nd5 Be7 10. Bxf6 Bxf6 11. c4 b4 12. Nc2 a5 13. Bd3 Bg5 14. O-O O-O
15. Nce3 Bxe3 16. Nxe3 Be6 17. Be2 Rc8 18. Bg4 Qd7 19. Bxe6 fxe6 20. Qd3 Nd4
21. Rfd1 Qf7 22. f3 Qg6 23. Kh1 Qh5 24. Rac1 Rf4 25. Nf1 Rcf8 26. c5 dxc5 27.
Rxc5 Nxf3 28. Rcc1 Nd4 29. Ng3 Qh6 30. Qd2 Qf6 31. Qd3 Rf2 32. Rd2 Qg5 33. Rcd1
Rxd2 34. Rxd2 h5 35. Kg1 h4 36. Rf2 Rxf2 0-1

[Event "Benidorm 2011 - 10. Torneo sub-2000"]
[Site "Benidorm ESP"]
[Date "2011.12.03"]
[Round "2.7"]
[White "Bas Mas, Miguel"]
[Black "Rasskin Friederichs, Ivan"]
[Result "1-0"]
[WhiteElo "1869"]
[BlackElo "1990"]
[PlyCount "109"]
[EventDate "2011.12.02"]
[EventType "swiss"]
[EventRounds "10"]
[EventCountry "ESP"]
[Source "lmi"]
[SourceDate "2011.12.02"]

1. e4 e6 2. d4 d5 3. Nd2 Nf6 4. e5 Nfd7 5. Bd3 c5 6. c3 Nc6 7. Ne2 cxd4 8. cxd4
f6 9. exf6 Nxf6 10. Nf3 Bd6 11. Bg5 O-O 12. O-O Qc7 13. Qc2 g6 14. Bh6 Rd8 15.
Bxg6 Ng4 16. Bg5 hxg6 17. Qxg6+ Qg7 18. Qxg7+ Kxg7 19. Bxd8 Nxd8 20. h3 Nh6 21.
Ne5 Nf5 22. f4 Nc6 23. Nxc6 bxc6 24. g4 Ne3 25. Rf3 Nc4 26. b3 Nd2 27. Rc3 Bb7
28. Ng3 Kf7 29. Nh5 Bb4 30. Rg3 Ne4 31. Rg2 c5 32. dxc5 Bxc5+ 33. Kh2 d4 34.
Ng3 Nf6 35. Rd2 Rh8 36. Ne2 Nxg4+ 37. Kg3 Ne3 38. Rc1 Rg8+ 39. Kf2 Rg2+ 40. Ke1
Rh2 41. Rxc5 Rh1+ 42. Kf2 Rf1+ 43. Kg3 Rf3+ 44. Kh4 Ng2+ 45. Kg5 Ba6 46. Rc7+
Ke8 47. Nxd4 Rg3+ 48. Kf6 Nxf4 49. Re7+ Kf8 50. Nxe6+ Nxe6 51. Rxe6 Rf3+ 52.
Kg5 Bb7 53. Rf6+ Ke7 54. Rxf3 Bxf3 55. h4 1-0

[Event "Benidorm 2011 - 10. Torneo sub-2000"]
[Site "Benidorm ESP"]
[Date "2011.12.03"]
[Round "2.8"]
[White "Penarrubia Blasco, Jose Alfredo"]
[Black "Ull Molina, Cristian"]
[Result "1/2-1/2"]
[WhiteElo "1990"]
[BlackElo "1863"]
[PlyCount "81"]
[EventDate "2011.12.02"]
[EventType "swiss"]
[EventRounds "10"]
[EventCountry "ESP"]
[Source "lmi"]
[SourceDate "2011.12.02"]

1. e4 e6 2. Nf3 d5 3. exd5 exd5 4. d4 Bd6 5. Bd3 Ne7 6. Bg5 f6 7. Bh4 Bg4 8. h3
Bh5 9. Nc3 g5 10. Bg3 Bxg3 11. fxg3 Qd6 12. Kf2 Nbc6 13. Nb5 Qd7 14. g4 Bg6 15.
Re1 O-O-O 16. a3 Bxd3 17. Qxd3 h5 18. gxh5 Rxh5 19. Qe2 Rh7 20. Rad1 a6 21. Nc3
Kb8 22. Qe6 Qd6 23. b4 Qf4 24. g3 Qf5 25. Qxf5 Nxf5 26. g4 Rxh3 27. gxf5 g4 28.
Rd3 Rxf3+ 29. Rxf3 gxf3 30. Rd1 Ne7 31. Kxf3 Nxf5 32. Kf4 Ng7 33. Rg1 Rd7 34.
Rg6 c6 35. Kf3 Nf5 36. Rg8+ Kc7 37. Ne2 Re7 38. c3 Nd6 39. Rf8 Rf7 40. Rh8 Nc4
41. a4 1/2-1/2

[Event "Benidorm 2011 - 10. Torneo sub-2000"]
[Site "Benidorm ESP"]
[Date "2011.12.03"]
[Round "2.9"]
[White "Rico Sanchez, Julio"]
[Black "Bru Rullo, Llatzer"]
[Result "0-1"]
[WhiteElo "1865"]
[BlackElo "1985"]
[PlyCount "66"]
[EventDate "2011.12.02"]
[EventType "swiss"]
[EventRounds "10"]
[EventCountry "ESP"]
[Source "lmi"]
[SourceDate "2011.12.02"]

1. d4 d5 2. c4 e6 3. Nf3 Nf6 4. e3 Nbd7 5. Nc3 c6 6. Bd3 dxc4 7. Bxc4 b5 8. Bd3
a6 9. e4 c5 10. e5 cxd4 11. Nxb5 Nxe5 12. Nxe5 axb5 13. Bxb5+ Bd7 14. Bxd7+
Nxd7 15. Nxd7 Qxd7 16. O-O Be7 17. Re1 O-O 18. Qg4 Bf6 19. Bg5 Bxg5 20. Qxg5
Rfb8 21. b3 Rb5 22. Qg4 Qd5 23. Qf3 Qxf3 24. gxf3 Kf8 25. f4 Ke7 26. Re5 Rxb3
27. Rd1 Rb4 28. Re4 Raa4 29. f5 Kf6 30. fxe6 fxe6 31. Rde1 Rb6 32. R1e2 d3 33.
Rd2 Rxe4 0-1

[Event "Benidorm 2011 - 10. Torneo sub-2000"]
[Site "Benidorm ESP"]
[Date "2011.12.03"]
[Round "2.10"]
[White "Cuadrado Lopez, Francisco Javier"]
[Black "Navas Hernando, Oscar"]
[Result "1-0"]
[WhiteElo "1982"]
[BlackElo "1854"]
[PlyCount "49"]
[EventDate "2011.12.02"]
[EventType "swiss"]
[EventRounds "10"]
[EventCountry "ESP"]
[Source "lmi"]
[SourceDate "2011.12.02"]

1. e4 c5 2. Nf3 d6 3. d4 cxd4 4. Nxd4 Nf6 5. Nc3 a6 6. Bg5 e6 7. f4 Qc7 8. Bd3
Nbd7 9. Nb3 b5 10. a3 Bb7 11. Qe2 Be7 12. O-O O-O 13. Bh4 Rfe8 14. Rae1 Nxe4
15. Bxe7 Nxc3 16. Qh5 g6 17. Qh4 Nd5 18. Bg5 Qb6+ 19. Kh1 Ne3 20. Rxe3 Qxe3 21.
f5 Qe5 22. f6 h5 23. Nd2 Kh7 24. Qxh5+ Kg8 25. Qh6 1-0

[Event "Benidorm 2011 - 10. Torneo sub-2000"]
[Site "Benidorm ESP"]
[Date "2011.12.03"]
[Round "2.12"]
[White "Elizondo Market, Juan Marcos"]
[Black "Grau Peris, Ruben"]
[Result "1-0"]
[WhiteElo "1850"]
[BlackElo "1982"]
[PlyCount "77"]
[EventDate "2011.12.02"]
[EventType "swiss"]
[EventRounds "10"]
[EventCountry "ESP"]
[Source "lmi"]
[SourceDate "2011.12.02"]

1. e4 c6 2. d4 d5 3. exd5 cxd5 4. c4 e6 5. Nc3 Nf6 6. Nf3 Bb4 7. cxd5 Qxd5 8.
Bd2 Qd8 9. Qa4+ Nc6 10. Bb5 Qd6 11. Ne5 Bd7 12. Nxd7 Nxd7 13. Bxc6 bxc6 14. O-O
Nb6 15. Qb3 O-O 16. Ne4 Qd5 17. Bxb4 Qxe4 18. Bxf8 Rxf8 19. Rac1 Rd8 20. Rfe1
Qxd4 21. Red1 Qf6 22. Rxd8+ Qxd8 23. Qc3 h6 24. Qxc6 Qf6 25. b3 Nd5 26. g3 h5
27. Qc8+ Kh7 28. Qc2+ g6 29. h4 Qf3 30. Qd1 Qf6 31. Kg2 Qb2 32. Qc2 Qe5 33. Qd3
Qb8 34. Qf3 Kg7 35. Qe4 Qb7 36. Kg1 Qe7 37. Rd1 Qd7 38. Qd4+ f6 39. Re1 1-0

[Event "Benidorm 2011 - 10. Torneo sub-2000"]
[Site "Benidorm ESP"]
[Date "2011.12.03"]
[Round "2.13"]
[White "Serrano Martinez, Francisco Jose"]
[Black "Arnot, Bob"]
[Result "1-0"]
[WhiteElo "1980"]
[BlackElo "1850"]
[PlyCount "87"]
[EventDate "2011.12.02"]
[EventType "swiss"]
[EventRounds "10"]
[EventCountry "ESP"]
[Source "lmi"]
[SourceDate "2011.12.02"]

1. e4 d5 2. exd5 Nf6 3. d4 Bg4 4. Be2 Bxe2 5. Qxe2 Qxd5 6. Nf3 Nc6 7. c4 Qe4 8.
Nc3 Qxe2+ 9. Kxe2 e6 10. Bf4 O-O-O 11. Rhd1 Bd6 12. Bg5 h6 13. Be3 Ng4 14. h3
Nxe3 15. fxe3 Rhe8 16. a3 f5 17. b4 g5 18. Rf1 Bf8 19. Rad1 Bg7 20. g3 e5 21.
d5 Nd4+ 22. Kd2 Nxf3+ 23. Rxf3 f4 24. gxf4 gxf4 25. exf4 e4 26. Re3 Bd4 27. Re2
e3+ 28. Kd3 Bxc3 29. Kxc3 Rf8 30. Rd4 Rf5 31. Rxe3 Rdf8 32. Rf3 Re8 33. Kd2 Rg8
34. Re4 c6 35. dxc6 bxc6 36. Re6 Rg2+ 37. Ke3 Rc2 38. Ke4 Rf7 39. Rxc6+ Kb7 40.
b5 Re2+ 41. Kd3 Ra2 42. Kd4 a6 43. Rxa6 h5 44. f5 1-0

[Event "Benidorm 2011 - 10. Torneo sub-2000"]
[Site "Benidorm ESP"]
[Date "2011.12.03"]
[Round "2.14"]
[White "Chesa Chavarria, Aurelio"]
[Black "Arroyo Rodriguez, Jesus"]
[Result "0-1"]
[WhiteElo "1849"]
[BlackElo "1980"]
[PlyCount "82"]
[EventDate "2011.12.02"]
[EventType "swiss"]
[EventRounds "10"]
[EventCountry "ESP"]
[Source "lmi"]
[SourceDate "2011.12.02"]

1. d4 c5 2. d5 Nf6 3. c4 e6 4. Nc3 exd5 5. cxd5 d6 6. e4 g6 7. f4 Bg7 8. Bb5+
Bd7 9. e5 Nh5 10. Nf3 O-O 11. Bxd7 Qxd7 12. O-O Na6 13. Ne4 dxe5 14. fxe5 Rae8
15. Nd6 Rxe5 16. Nxe5 Bxe5 17. Ne4 Bd4+ 18. Kh1 Qxd5 19. Nc3 Qd8 20. Bh6 Qh4
21. Qf3 Ng3+ 22. Qxg3 Qxh6 23. Qf4 Qg7 24. Rf3 Nb4 25. Raf1 Nc6 26. Qc7 Ne5 27.
Rh3 Ng4 28. Ne4 Re8 29. Qf4 f5 30. Ng5 h6 31. Rhf3 hxg5 32. Qxg5 Bxb2 33. h3
Ne5 34. Rb3 Bd4 35. Rfb1 b6 36. a4 Nc6 37. Qg3 Qf6 38. Qd3 Re4 39. Rf1 Qe6 40.
Qg3 Be5 41. Qf3 Nd4 0-1

[Event "Benidorm 2011 - 10. Torneo sub-2000"]
[Site "Benidorm ESP"]
[Date "2011.12.03"]
[Round "2.15"]
[White "Castrillon Otero, Javier"]
[Black "Frey, Armin"]
[Result "0-1"]
[WhiteElo "1848"]
[BlackElo "1978"]
[PlyCount "55"]
[EventDate "2011.12.02"]
[EventType "swiss"]
[EventRounds "10"]
[EventCountry "ESP"]
[Source "lmi"]
[SourceDate "2011.12.02"]

1. d4 e6 2. c4 f5 3. Nc3 Nf6 4. Nf3 Be7 5. Bf4 d6 6. h3 O-O 7. Qc2 Nc6 8. e3
Nb4 9. Qb3 a5 10. a3 Na6 11. Be2 c6 12. Qc2 Bd7 13. g4 d5 14. gxf5 exf5 15. Qb3
Bc8 16. Be5 dxc4 17. Bxc4+ Kh8 18. Rg1 b5 19. Be6 a4 20. Qa2 Nc7 21. Bxc7 Qxc7
22. Ng5 h6 23. Bxc8 Qxc8 24. Ne6 Rg8 25. Rc1 Nd5 26. Nxd5 Qxe6 27. Nc3 Qf6 28.
Qb1 0-1

[Event "Benidorm 2011 - 10. Torneo sub-2000"]
[Site "Benidorm ESP"]
[Date "2011.12.03"]
[Round "2.17"]
[White "Moragrega Herrero, Juan Jose"]
[Black "Maronda Escriva, Ivan"]
[Result "1/2-1/2"]
[WhiteElo "1968"]
[BlackElo "1845"]
[PlyCount "59"]
[EventDate "2011.12.02"]
[EventType "swiss"]
[EventRounds "10"]
[EventCountry "ESP"]
[Source "lmi"]
[SourceDate "2011.12.02"]

1. c4 e5 2. g3 Nc6 3. Bg2 f5 4. d3 Nf6 5. Nc3 d6 6. e4 g6 7. Nge2 Bg7 8. O-O
O-O 9. Bg5 Be6 10. Qd2 Ne7 11. f4 c6 12. h3 Qd7 13. Kh2 a5 14. Ng1 Qc7 15. fxe5
dxe5 16. Qe3 Rad8 17. Nf3 fxe4 18. Nxe4 Nxe4 19. Bxe7 Qxe7 20. dxe4 Bxc4 21.
Rfd1 a4 22. b3 axb3 23. axb3 Bb5 24. h4 Rxd1 25. Rxd1 Rd8 26. Rd2 Bf6 27. Bh3
Qc7 28. Kg1 Kf7 29. Bf1 Bxf1 30. Kxf1 1/2-1/2

[Event "Benidorm 2011 - 10. Torneo sub-2000"]
[Site "Benidorm ESP"]
[Date "2011.12.03"]
[Round "2.18"]
[White "Iglesias Fernandez, Luis"]
[Black "Tonus, Alex"]
[Result "0-1"]
[WhiteElo "1845"]
[BlackElo "1965"]
[PlyCount "55"]
[EventDate "2011.12.02"]
[EventType "swiss"]
[EventRounds "10"]
[EventCountry "ESP"]
[Source "lmi"]
[SourceDate "2011.12.02"]

1. d4 Nf6 2. Bg5 Ne4 3. Bf4 c5 4. f3 Qa5+ 5. c3 Nf6 6. Nd2 cxd4 7. Nb3 Qb6 8.
Qxd4 Nc6 9. Qxb6 axb6 10. e4 e5 11. Be3 d5 12. exd5 Nxd5 13. Bf2 Be6 14. Bc4
Na5 15. Bb5+ Nc6 16. Bc4 Ndb4 17. Bxe6 Nc2+ 18. Kd2 Nxa1 19. Bxf7+ Kxf7 20.
Nxa1 Rxa2 21. Ne2 Rxb2+ 22. Nc2 Bc5 23. Bg3 Rd8+ 24. Kc1 Ra2 25. Kb1 Rd2 26.
Rc1 Ba3 27. Ng1 Rb2+ 28. Ka1 0-1

[Event "Benidorm 2011 - 10. Torneo sub-2000"]
[Site "Benidorm ESP"]
[Date "2011.12.03"]
[Round "2.19"]
[White "Gomez Manzano, Francisco Carlos"]
[Black "Salido Polo, Veronica"]
[Result "1/2-1/2"]
[WhiteElo "1840"]
[BlackElo "1964"]
[PlyCount "51"]
[EventDate "2011.12.02"]
[EventType "swiss"]
[EventRounds "10"]
[EventCountry "ESP"]
[Source "lmi"]
[SourceDate "2011.12.02"]

1. c4 Nf6 2. g3 g6 3. Bg2 Bg7 4. Nf3 O-O 5. O-O d6 6. Nc3 e5 7. d3 Nc6 8. Bg5
h6 9. Bd2 Nh5 10. a3 f5 11. e3 f4 12. exf4 exf4 13. Nh4 Ne5 14. d4 fxg3 15.
hxg3 Bg4 16. Qc2 g5 17. Bd5+ Kh8 18. Ng6+ Nxg6 19. Qxg6 Rf6 20. Qd3 Bh3 21. Bg2
Bxg2 22. Kxg2 Qd7 23. Nd5 Rf7 24. Rae1 Qg4 25. Re4 Qf5 26. Qe2 1/2-1/2

[Event "Benidorm 2011 - 10. Torneo sub-2000"]
[Site "Benidorm ESP"]
[Date "2011.12.03"]
[Round "2.22"]
[White "Velasco Gomez, Esperanza"]
[Black "Marina De La Torre, Ivan"]
[Result "0-1"]
[WhiteElo "1836"]
[BlackElo "1956"]
[PlyCount "42"]
[EventDate "2011.12.02"]
[EventType "swiss"]
[EventRounds "10"]
[EventCountry "ESP"]
[Source "lmi"]
[SourceDate "2011.12.02"]

1. e4 e6 2. d4 d5 3. Nd2 Nf6 4. e5 Nfd7 5. Bd3 c5 6. c3 Nc6 7. Ne2 cxd4 8. cxd4
f6 9. f4 fxe5 10. fxe5 Nxd4 11. Nxd4 Qh4+ 12. Kf1 Qxd4 13. Qh5+ Kd8 14. Be2 Bc5
15. Ke1 Qxe5 16. Qh4+ g5 17. Qh3 Rf8 18. Nf3 Bb4+ 19. Kd1 Rxf3 20. Qxf3 Nf6 21.
Rf1 Ne4 0-1

[Event "Benidorm 2011 - 10. Torneo sub-2000"]
[Site "Benidorm ESP"]
[Date "2011.12.03"]
[Round "2.23"]
[White "Castan Sanclemente, Alejandro"]
[Black "Delgado Lozano, Jose Manuel"]
[Result "1-0"]
[WhiteElo "1835"]
[BlackElo "1956"]
[PlyCount "51"]
[EventDate "2011.12.02"]
[EventType "swiss"]
[EventRounds "10"]
[EventCountry "ESP"]
[Source "lmi"]
[SourceDate "2011.12.02"]

1. d4 d5 2. c4 c6 3. Nc3 Nf6 4. Nf3 e6 5. e3 Nbd7 6. Bd3 dxc4 7. Bxc4 b5 8. Bd3
a6 9. e4 c5 10. e5 cxd4 11. exf6 dxc3 12. Be4 Rb8 13. fxg7 Bxg7 14. Qc2 Qf6 15.
Bg5 cxb2 16. Bxf6 bxa1=Q+ 17. Bxa1 Bxa1 18. O-O Bf6 19. Rd1 Kf8 20. Qc7 Kg7 21.
Qg3+ Kh6 22. Qf4+ Kg7 23. Bc6 Rd8 24. g4 e5 25. Nxe5 Nxe5 26. Rxd8 1-0

[Event "Benidorm 2011 - 10. Torneo sub-2000"]
[Site "Benidorm ESP"]
[Date "2011.12.04"]
[Round "3.2"]
[White "Hall, Rachid"]
[Black "Oualili, Abdelali"]
[Result "0-1"]
[WhiteElo "1998"]
[BlackElo "1894"]
[PlyCount "59"]
[EventDate "2011.12.02"]
[EventType "swiss"]
[EventRounds "10"]
[EventCountry "ESP"]
[Source "lmi"]
[SourceDate "2011.12.02"]

1. Nf3 c5 2. e4 d6 3. Bc4 e6 4. O-O Nc6 5. c3 Nf6 6. d3 h6 7. Re1 Be7 8. Nbd2
Bd7 9. d4 e5 10. dxc5 dxc5 11. Nf1 Qc7 12. Ne3 Rd8 13. Nd5 Qb8 14. Qc2 O-O 15.
Be3 Nxd5 16. Bxd5 Kh8 17. Qd2 Bg4 18. Kh1 f5 19. exf5 Rxf5 20. Ng1 e4 21. c4
Bd6 22. h3 Rh5 23. Qc2 Qc8 24. Bf7 Rxh3+ 25. Nxh3 Bf3 26. Nf4 Bxf4 27. gxf3
Qh3+ 28. Kg1 Bh2+ 29. Kh1 exf3 30. Qg6 0-1

[Event "Benidorm 2011 - 10. Torneo sub-2000"]
[Site "Benidorm ESP"]
[Date "2011.12.04"]
[Round "3.3"]
[White "Romero Calduch, Sergio"]
[Black "Garcia Perez, Javier"]
[Result "1/2-1/2"]
[WhiteElo "1889"]
[BlackElo "1997"]
[PlyCount "46"]
[EventDate "2011.12.02"]
[EventType "swiss"]
[EventRounds "10"]
[EventCountry "ESP"]
[Source "lmi"]
[SourceDate "2011.12.02"]

1. d4 Nf6 2. c4 g6 3. Nc3 Bg7 4. e4 d6 5. f4 O-O 6. Nf3 c5 7. d5 e6 8. Be2 exd5
9. cxd5 Re8 10. e5 dxe5 11. fxe5 Ng4 12. Bg5 f6 13. exf6 Bxf6 14. Bf4 Ne3 15.
Bxe3 Rxe3 16. O-O a6 17. Qd2 Re8 18. a4 Qd6 19. Bd3 Nd7 20. Kh1 Bg7 21. Rac1
Nf6 22. Rce1 Bd7 23. b3 Rxe1 1/2-1/2

[Event "Benidorm 2011 - 10. Torneo sub-2000"]
[Site "Benidorm ESP"]
[Date "2011.12.04"]
[Round "3.4"]
[White "Valarezo Ricard, Pedro"]
[Black "Sanz Rodero, Mikel"]
[Result "0-1"]
[WhiteElo "1888"]
[BlackElo "1994"]
[PlyCount "114"]
[EventDate "2011.12.02"]
[EventType "swiss"]
[EventRounds "10"]
[EventCountry "ESP"]
[Source "lmi"]
[SourceDate "2011.12.02"]

1. d4 Nf6 2. Bf4 e6 3. c3 c5 4. e3 b6 5. Nf3 Bb7 6. Nbd2 Be7 7. h3 O-O 8. Bd3
cxd4 9. exd4 d6 10. O-O a6 11. Qe2 Nbd7 12. Ne4 Nxe4 13. Bxe4 Bxe4 14. Qxe4 Nf6
15. Qe2 Qd7 16. a4 Qc6 17. Bg5 h6 18. Bh4 b5 19. axb5 axb5 20. g4 Qc4 21. Qc2
b4 22. Nd2 Qd5 23. Bxf6 Bxf6 24. Qe4 Qxe4 25. Nxe4 bxc3 26. Nxf6+ gxf6 27. Rxa8
Rxa8 28. bxc3 Rc8 29. Rc1 d5 30. f4 Kh7 31. Kf2 Kg6 32. Kf3 f5 33. Rc2 fxg4+
34. hxg4 f5 35. Rc1 fxg4+ 36. Kxg4 h5+ 37. Kf3 Kf5 38. Rc2 h4 39. Rc1 h3 40.
Kg3 Rh8 41. Kh2 Kxf4 42. c4 Ke4 43. cxd5 exd5 44. Rd1 Ke3 45. Kh1 h2 46. Re1+
Kxd4 47. Rd1+ Kc5 48. Rc1+ Kd6 49. Rc2 Ke5 50. Re2+ Kd4 51. Rd2+ Ke4 52. Re2+
Kd3 53. Ra2 d4 54. Ra3+ Ke2 55. Rg3 d3 56. Rg2+ Kd1 57. Rf2 d2 0-1

[Event "Benidorm 2011 - 10. Torneo sub-2000"]
[Site "Benidorm ESP"]
[Date "2011.12.04"]
[Round "3.5"]
[White "Bru Rullo, Llatzer"]
[Black "Torras Campdelacreu, Xavier"]
[Result "1-0"]
[WhiteElo "1985"]
[BlackElo "1890"]
[PlyCount "51"]
[EventDate "2011.12.02"]
[EventType "swiss"]
[EventRounds "10"]
[EventCountry "ESP"]
[Source "lmi"]
[SourceDate "2011.12.02"]

1. e4 c5 2. Nf3 Nc6 3. c3 Nf6 4. e5 Nd5 5. d4 cxd4 6. cxd4 d6 7. Bc4 Nb6 8. Bb5
Bd7 9. exd6 e6 10. O-O Bxd6 11. Nc3 a6 12. Bd3 Nb4 13. Bb1 Qc7 14. Re1 Bc6 15.
Ne4 Rd8 16. a3 N4d5 17. Nxd6+ Qxd6 18. Ne5 Nf6 19. Be3 Bd5 20. Bd3 O-O 21. Bg5
Nbd7 22. Nxd7 Rxd7 23. Bxf6 gxf6 24. Bxh7+ Kxh7 25. Qh5+ Kg7 26. Qg4+ 1-0

[Event "Benidorm 2011 - 10. Torneo sub-2000"]
[Site "Benidorm ESP"]
[Date "2011.12.04"]
[Round "3.6"]
[White "Diez Jover, Alberto"]
[Black "Cuadrado Lopez, Francisco Javier"]
[Result "1-0"]
[WhiteElo "1866"]
[BlackElo "1982"]
[PlyCount "63"]
[EventDate "2011.12.02"]
[EventType "swiss"]
[EventRounds "10"]
[EventCountry "ESP"]
[Source "lmi"]
[SourceDate "2011.12.02"]

1. e4 g6 2. d4 Bg7 3. Nc3 c6 4. Be3 d6 5. Qd2 Nf6 6. Bh6 O-O 7. h4 e5 8. Nf3
exd4 9. Nxd4 Re8 10. O-O-O Nxe4 11. Nxe4 Rxe4 12. Bxg7 Kxg7 13. h5 g5 14. h6+
Kg8 15. Nf3 d5 16. Nxg5 Rg4 17. f4 Bf5 18. Qc3 f6 19. g3 Qf8 20. Be2 fxg5 21.
Bxg4 Bxg4 22. Rde1 Nd7 23. fxg5 Qf7 24. Rh4 Nf6 25. gxf6 Be6 26. Qe5 Re8 27.
Rg4+ Bxg4 28. Qxe8+ Qxe8 29. Rxe8+ Kf7 30. Re7+ Kxf6 31. Rxh7 Bh5 32. Rxb7 1-0

[Event "Benidorm 2011 - 10. Torneo sub-2000"]
[Site "Benidorm ESP"]
[Date "2011.12.04"]
[Round "3.7"]
[White "Najarro Garcia, Jose Maria"]
[Black "Serrano Martinez, Francisco Jose"]
[Result "0-1"]
[WhiteElo "1829"]
[BlackElo "1980"]
[PlyCount "57"]
[EventDate "2011.12.02"]
[EventType "swiss"]
[EventRounds "10"]
[EventCountry "ESP"]
[Source "lmi"]
[SourceDate "2011.12.02"]

1. e4 c5 2. Nf3 Nc6 3. d3 g6 4. g3 Bg7 5. Bg2 Nf6 6. O-O O-O 7. Nbd2 Rb8 8. Nh4
d6 9. f4 Bg4 10. Ndf3 Qc8 11. c3 Bh3 12. Ng5 Bxg2 13. Kxg2 b5 14. Qe2 h6 15.
Ngf3 Qb7 16. Be3 e6 17. h3 c4 18. Rae1 b4 19. Bd2 cxd3 20. Qxd3 bxc3 21. Bxc3
Nb4 22. Qb1 d5 23. e5 Ne4 24. Bd4 Nc6 25. Re2 Nxd4 26. Nxd4 Nc3 27. Qd3 Nxe2
28. Qxe2 Qxb2 29. Rf2 0-1

[Event "Benidorm 2011 - 10. Torneo sub-2000"]
[Site "Benidorm ESP"]
[Date "2011.12.04"]
[Round "3.11"]
[White "Amat Cerda, Andres"]
[Black "Perez Martinez, Alejandro"]
[Result "1-0"]
[WhiteElo "1732"]
[BlackElo "1965"]
[PlyCount "111"]
[EventDate "2011.12.02"]
[EventType "swiss"]
[EventRounds "10"]
[EventCountry "ESP"]
[Source "lmi"]
[SourceDate "2011.12.02"]

1. f4 e5 2. fxe5 d6 3. exd6 Bxd6 4. Nf3 Bg4 5. e4 Nc6 6. Be2 Bxf3 7. Bxf3 Qh4+
8. g3 Bxg3+ 9. hxg3 Qxg3+ 10. Kf1 Nd4 11. Bg2 Nf6 12. Rh3 Qf4+ 13. Rf3 Nxf3 14.
Qxf3 Qh4 15. Qf2 Qh5 16. Bf3 Ng4 17. Qg2 Nh2+ 18. Ke2 Nxf3 19. Qxf3 Qxf3+ 20.
Kxf3 f6 21. Nc3 c6 22. d3 h5 23. Be3 g5 24. Rf1 Ke7 25. Ne2 a6 26. Ng3 Rag8 27.
Rh1 h4 28. Nf5+ Ke6 29. Kg4 Rh7 30. Bc5 Rgh8 31. Rf1 h3 32. Rh1 h2 33. Bf2 b5
34. Nd4+ Kd7 35. Nf3 b4 36. Bg3 a5 37. Rxh2 Rxh2 38. Bxh2 a4 39. Kg3 c5 40. Bg1
Kc6 41. d4 c4 42. d5+ Kb5 43. Bd4 Re8 44. Nd2 Rf8 45. Kg4 Rf7 46. Kf5 Rf8 47.
Bxf6 g4 48. d6 g3 49. Ke6 g2 50. Nf3 b3 51. cxb3 a3 52. bxc4+ Kxc4 53. bxa3
Re8+ 54. Be7 Rh8 55. d7 Rh3 56. d8=Q 1-0

[Event "Benidorm 2011 - 10. Torneo sub-2000"]
[Site "Benidorm ESP"]
[Date "2011.12.04"]
[Round "3.12"]
[White "Miquel Juan, Marcelo"]
[Black "Perez Garcia, Juan Angel"]
[Result "0-1"]
[WhiteElo "1401"]
[BlackElo "1959"]
[PlyCount "72"]
[EventDate "2011.12.02"]
[EventType "swiss"]
[EventRounds "10"]
[EventCountry "ESP"]
[Source "lmi"]
[SourceDate "2011.12.02"]

1. d4 Nf6 2. c4 e6 3. Nc3 Bb4 4. Nf3 b6 5. a3 Bxc3+ 6. bxc3 O-O 7. Bg5 Bb7 8.
e3 h6 9. Bh4 d6 10. Be2 Qe7 11. O-O g5 12. Bg3 Ne4 13. Qc2 f5 14. Nd2 h5 15.
Bxh5 g4 16. f3 Nxg3 17. hxg3 Qg5 18. fxg4 Qxe3+ 19. Kh2 Qh6 20. Nb3 Nd7 21.
Rae1 Nf6 22. Kg1 Ne4 23. Qd3 d5 24. cxd5 exd5 25. Rf4 a5 26. Qf3 a4 27. Nc1
fxg4 28. Qxg4+ Kh8 29. Ref1 Rg8 30. Qh4 Nxg3 31. R1f3 Nxh5 32. Rf5 Qxc1+ 33.
Kh2 Rxg2+ 34. Kxg2 Rg8+ 35. Kf2 Qd2+ 36. Kf1 Ba6+ 0-1

[Event "Benidorm 2011 - 10. Torneo sub-2000"]
[Site "Benidorm ESP"]
[Date "2011.12.04"]
[Round "3.15"]
[White "Blanco, Juan"]
[Black "Voet, Dirk"]
[Result "0-1"]
[WhiteElo "1940"]
[BlackElo "1846"]
[PlyCount "62"]
[EventDate "2011.12.02"]
[EventType "swiss"]
[EventRounds "10"]
[EventCountry "ESP"]
[Source "lmi"]
[SourceDate "2011.12.02"]

1. e4 g6 2. d4 Bg7 3. Nc3 d6 4. Nf3 a6 5. a4 b6 6. Bc4 e6 7. Qe2 Ne7 8. O-O O-O
9. Bg5 h6 10. Be3 Nd7 11. Rad1 c6 12. d5 cxd5 13. exd5 e5 14. Nd2 Nf5 15. Nb3
Nxe3 16. fxe3 f5 17. e4 f4 18. Qe1 Nf6 19. Be2 g5 20. Kh1 Qe8 21. Qf2 Rb8 22.
Nc1 Qg6 23. Nd3 g4 24. Nxf4 exf4 25. Qxf4 Nh5 26. Qe3 Be5 27. Rxf8+ Kxf8 28.
Rg1 Kg8 29. Qf2 Nf6 30. Qe3 Qh5 31. a5 Qxh2# 0-1

[Event "Benidorm 2011 - 10. Torneo sub-2000"]
[Site "Benidorm ESP"]
[Date "2011.12.04"]
[Round "3.16"]
[White "Moya Albaladejo, Jose Antonio"]
[Black "Castan Sanclemente, Alejandro"]
[Result "1-0"]
[WhiteElo "1929"]
[BlackElo "1835"]
[PlyCount "68"]
[EventDate "2011.12.02"]
[EventType "swiss"]
[EventRounds "10"]
[EventCountry "ESP"]
[Source "lmi"]
[SourceDate "2011.12.02"]

1. e4 e5 2. Nf3 Nc6 3. Bb5 a6 4. Ba4 Nf6 5. d3 d6 6. Nbd2 Bg4 7. h3 Bd7 8. c3
d5 9. Bxc6 Bxc6 10. Nxe5 Bd6 11. Nxc6 bxc6 12. O-O O-O 13. Re1 Re8 14. Qc2 Qd7
15. Nf3 h6 16. e5 Nh7 17. exd6 Rxe1+ 18. Nxe1 Re8 19. Bf4 g5 20. Bg3 cxd6 21.
Nf3 f5 22. d4 Nf6 23. Re1 Ne4 24. Qe2 f4 25. Bh2 g4 26. Bxf4 gxf3 27. Qxf3 Kh7
28. Qd3 Rg8 29. f3 Qxh3 30. Re2 Kh8 31. Qe3 Ng3 32. gxh3 Nf5+ 33. Kf2 Nxe3 34.
Rxe3 Rg6 1-0